| 000 | 00810cam a2200217 a 4500 | ||
|---|---|---|---|
| 020 | _a019567197X (pbk.) | ||
| 082 | 0 | 4 |
_a821.95491 _bKIN _cN-01, P-156 |
| 100 | 1 |
_aKing, Bruce, _941316 |
|
| 245 | 1 | 0 |
_aModern Indian poetry in English / _cBruce King. |
| 250 | _aRev. ed. | ||
| 260 |
_aNew Delhi ; _aNew York : _bOxford University Press, _c2007. |
||
| 300 |
_ax, 416 p. ; _c22 cm. |
||
| 500 | _aIncludes index. | ||
| 526 |
_a0 _b0 _c0 _d821_954910000000000_KIN |
||
| 650 | 0 |
_aIndic poetry (English) _xHistory and criticism. _941317 |
|
| 650 | 0 |
_aNUST _96342 |
|
| 856 | 4 | 1 | _uhttp://www.loc.gov/catdir/enhancements/fy0635/2006270047-t.html |
| 856 | 4 | 2 | _uhttp://www.loc.gov/catdir/enhancements/fy0635/2006270047-d.html |
| 856 | 4 | 2 | _uhttp://www.loc.gov/catdir/enhancements/fy0723/2006270047-b.html |
| 942 |
_2ddc _cBK |
||
| 999 |
_c545460 _d545460 |
||